| 000 | 00740nam a2200229 a 4500 | ||
|---|---|---|---|
| 005 | 20230209063802.0 | ||
| 008 | 021113s2000 mx r 000 0 spa d | ||
| 020 | _a9687529679 | ||
| 035 | _aUPN01000120982 | ||
| 049 | _aCG | ||
| 050 | 4 |
_aTS156 _bE8.28 2000 |
|
| 100 | 1 | _aEvans, James R. | |
| 245 | 1 | 3 |
_aLa administración y el control de la calidad / _cJames R. Evans, William M. Lindsay ; tr. Gabriel Sánchez García. |
| 250 | _a4a ed. | ||
| 260 |
_aMéxico : _bInternational Thomson, _cc2000. |
||
| 300 |
_axxiii, 785 [54] p. : _bil. |
||
| 440 | 0 | _aSoluciones empresariales | |
| 650 | 4 |
_aControl de calidad _910920 |
|
| 650 | 2 |
_aAdministración de calidad total _9437 |
|
| 700 | 1 |
_aLindsay, William M., _ecoaut. |
|
| 905 | _aLibro | ||
| 999 |
_c93298 _d93298 |
||